Pays du monde : Langues officielles - Statistiques

Statistiques générales
  • Ce quiz a été pris 30 fois
  • Le résultat moyen est 52 sur 124
Statistiques - réponses
Pays Langues % Correct
Canada, Afrique du sud, 55 others Anglais
95%
Egypte, Irak, Arabie Saoudite, 19 others Arabe
95%
Espagne, Colombie, 18 others Espagnol
95%
France, Canada, 24 others Français
95%
Allemagne, Australie, Suisse, 3 others | Belgique, Pays-Bas, Suriname Allemand
90%
Chine, Taiwan, Singapour Chinois
90%
Chypre, Grèce Grec
90%
Italie, Saint- Marin, Suisse, Vatican Italien
90%
Portugal, Brésil, 7 others Portugais
90%
Russie, Biélorussie, Kazakhstan, Kirgizistan Russe
90%
Corée du sud, Corée du nord Coréen
86%
Japon Japonais
86%
Norvège Norvégien
86%
Pologne Polonais
86%
Moldavie | Roumanie Roumain
86%
Ukraine Ukrainien
86%
Albanie, Kosovo, Macédoine du Nord Albanais
81%
Hongrie Hongrois
81%
République Tchèque Tchèque
81%
Armenie Armenien
76%
Lettonie Letton
76%
Afghanistan | Iran | Tadjikistan Persan
76%
Bulgarie Bulgare
71%
Georgie Georgien
71%
Laos Lao
71%
Lituanie Lituanien
71%
Slovaquie Slovaque
71%
Thailand Thai
71%
Danemark Danois
67%
Estonie Estonien
67%
Islande Islandais
67%
Slovenie Slovene
67%
Suisse, Finlande Suédois
67%
Turquie, Chypre Turc
67%
Biélorussie Biélorusse
62%
Indonesie | Malaisie, Singapour, Brunei Malais
62%
Vietnam Vietnamien
62%
Finlande Finnois
57%
Fidji | Inde Hindi
57%
Irlande Irlandais
57%
Ouzbekistan Ouzbek
57%
Bangladesh Bengali
52%
Andorre Catalan
52%
Kazakhstan Kazakh
52%
Madagascar Malgache
52%
Somalie, Ethiopie Somali
52%
Myanmar Birman
48%
Afrique du sud Afrikaans
43%
Israel Hébreux
43%
Macédoine du nord Macédonien
43%
Malte Maltais
43%
Bolivie, Perou Quechua
43%
Suisse Romanche
43%
Azerbaidjan Azeri
38%
Maroc, Algerie Berbère
38%
Fidji Fidjien
38%
Luxembourg Luxembourgeois
38%
Turkmenistan Turkmene
38%
Comoroes Comorien
33%
Cambodge Khmer
33%
Kenya, Rwanda, Tanzanie, Ouganda Swahili
33%
Afrique du sud Zoulou
33%
Maldives Maldivien
29%
Nouvelle- Zélande Maori
29%
Montenegro Monténégrin
29%
Irak Kurde
24%
Nepal Nepali
24%
Samoa Samoan
24%
Afrique du sud Xhosa
24%
Ethiopie Amharique
19%
Kirgizistan kirghize
19%
Mongolie Mongolien
19%
Nauru Nauruan
19%
Afghanistan Pashto
19%
Afrique du sud | Afrique du sud, Lesotho Sotho
19%
Bolivie, Perou Aymara
14%
Philippines Filipino
14%
Kiribati Gilbertin
14%
Paraguay Guarani
14%
Niger Haoussa
14%
Marshall Marshallais
14%
Pakistan Ourdou
14%
Sri Lanka, Singapour Tamil
14%
Afrique du sud, Botswana Tswana
14%
Tuvalu Tuvaluan
14%
Mali Bambara
10%
Vanuatu Bichelamar
10%
Bhoutan Dzongkha
10%
Rwanda Kinyarwanda
10%
Burundi Kirundi
10%
Ethiopie Oromo
10%
Palau Palauan
10%
République centre africaine Sango
10%
Bosnie Herzégovine | Bosnie Herzégovine, Croatie | Serbie, Bosnie Herzégovine, Kosovo Serbe-Croate
10%
Zimbabwe Shona
10%
Sri Lanka Singhalais
10%
Afrique du sud, Eswatini Swati
10%
Timor Tetoum
10%
Papouaisie-Nouvelle-Guinée Tok Pisin
10%
Haiti Haitien Creole
5%
Burkina Faso Mooré
5%
Afrique du sud | Zimbabwe Ndebele
5%
Erithrée, Ethiopie Tigrigna
5%
Tonga Tongan
5%
Afrique du sud Tsonga
5%
Afrique du sud Venda
5%
Ethiopie Afar
0%
Burkina Faso Bissa
0%
Burkina Faso Dioussa
0%
Burkina Faso Fulfuldé
0%
Mauritanie hassanya
0%
Papouasie-Nouvelle-Guinée Hiri Motu
0%
Seychelles Seychellois Creole
0%
Aucun quiz correspondant
Distribution des résultats
% des personnes avec chaque résultat
Percentile par nombre de réponses
Votre historique - résultats
Vous n’avez pas pris ce quiz